000 01208nam a22003377a 4500
003 CHAP
005 20220329143831.0
008 111109s2007 mx r 00010 spa d
010 _a102520
011 _a103492
035 _a114181
040 _cCHAP
090 _aTesis
100 0 0 _aCruz Juárez, Juan.
_929462
245 1 0 _aEtiología del tizón suizo (Phaeocryptopus gaeumannii) en Pseudotsuga macrolepis Flous, como árbol de navidad
_c/por Juan Cruz Juárez
260 _aChapingo, Méx. :
_bEl autor,
_c2007
300 _axii, 106 h. ;
_bilus.
502 _aTesis (M.C. en Ciencias Forestales) -- UACH. División de Ciencias Forestales
590 _aALEPH
_b10
_c20130110
_lUCH01
_h1543
590 _aBATCH-UPD
_b10
_c20130110
_lUCH01
_h1822
590 _aBATCH-UPD
_b10
_c20130410
_lUCH01
_h0749
590 _aBATCH-UPD
_b10
_c20130914
_lUCH01
_h1106
590 _aCONVERSION
_b10
_c20130109
_lUCH01
_h1356
650 1 4 _aÁrboles de navidad.
_982443
650 1 4 _aPhaeocryptopus gaeumannii.
_987756
650 1 4 _aPseudotsuga macrolepis.
_992590
650 1 4 _aTizón suizo.
_9113450
901 _aBK
942 _cTESIS
949 _aTesis
_bBC
_cTES
_d33724002313363
_eTS1
_gDonaciØn
_h52995
_i114181
_sb
999 _c102520
_d102520